The workplace : interpersonal strengths and leadership
Professional success in the 21st century demands that people work together to achieve their goals. Book Two: Interpersonal Strengths and Leadership, explores and develops the skills that make a person a good teammate and a good leader. This book helps students develop a standard of excellence and pr...
Αποθηκεύτηκε σε:
| Κύριος συγγραφέας: | |
|---|---|
| Μορφή: | Βιβλίο |
| Γλώσσα: | Undetermined |
| Έκδοση: |
Boston, Mass.
McGraw-Hill
2006
|
| Θέματα: | |
| Ετικέτες: |
Προσθήκη ετικέτας
Δεν υπάρχουν, Καταχωρήστε ετικέτα πρώτοι!
|
| Thư viện lưu trữ: | Trung tâm Học liệu Trường Đại học Cần Thơ |
|---|
| LEADER | 01051nam a2200217Ia 4500 | ||
|---|---|---|---|
| 001 | CTU_168475 | ||
| 008 | 210402s9999 xx 000 0 und d | ||
| 020 | |c 36.25 | ||
| 082 | |a 658.4022 | ||
| 082 | |b P115 | ||
| 100 | |a Pace, Joe (Joseph) | ||
| 245 | 4 | |a The workplace : | |
| 245 | 0 | |b interpersonal strengths and leadership | |
| 245 | 0 | |c Joe Pace | |
| 260 | |a Boston, Mass. | ||
| 260 | |b McGraw-Hill | ||
| 260 | |c 2006 | ||
| 520 | |a Professional success in the 21st century demands that people work together to achieve their goals. Book Two: Interpersonal Strengths and Leadership, explores and develops the skills that make a person a good teammate and a good leader. This book helps students develop a standard of excellence and pride in work and addresses ethics, trust, respect, strategic thinking, and modeling leadership techniques. | ||
| 650 | |a Teams in the workplace,Work environment,Làm việc nhóm tại cơ quan,Môi trường làm việc | ||
| 904 | |i Năm | ||
| 980 | |a Trung tâm Học liệu Trường Đại học Cần Thơ | ||